00643nam a2200157 a 450000100100000000500170001000800410002704000250006808200160009310000270010924501470013626000430028330000280032695201140035499900170046800003462920200930073815.0111011s1888 xxua 000 0 eng d aDO-SdBNPbspacBNPHU axxxxbH323c1 aHarrisse, Henry96006510aChristopher Columbus and the bank of Saint George (ufficio di San Giorgio in Genoa). :btwo letters addressed to Samuel L. M. Barlow, Esquire. aNew York, :bPrivately printed,c1888. a126 p. :bil. ;c33 cm. 001050718RVaGRbGRcCTd2011-10-11iLF1l0oxxxx H323cp34629-10r2020-06-25w2020-06-25y1ZNo se presta c34120d34120